000 00675nas a2200241 4500
001 BR9404560
003 BR-BrBNA
005 20231205093703.0
007 ta
008 230509b bl.|||p| |||| 00| 00por d
040 _aBR-BrBNA
_bpor
_cBiblioteca Nacional de Agricultura
041 _a(Pt)
072 _aF01; N20
100 1 _aAnon.
245 1 _aAlho por alho, mas sem sacrificio
650 _aAlho
650 _aPlantadeira
650 _aImplemento Agricola
650 _aClassificacao de Produto
773 0 _tGlobo Rural (Brazil)
_xISSN 0102-6178
_g(Aug 1986), v. 1(11) p. 75-82
_wBR9404560
909 _a202311
_bLúcia
_c55
_dLúcia Elande
942 _2AGRIS
_n0
_cANA
999 _c139874
_d139874